TH-SOF-1408-Deep CNN Based Multi-class Classification of Alzheimer's Disease using MRI (Record no. 577232)

000 -LEADER
fixed length control field 00398nam a22001217a 4500
082 ## - DEWEY DECIMAL CLASSIFICATION NUMBER
Classification number THE 200
100 ## - MAIN ENTRY--PERSONAL NAME
Personal name Ammarah Farooq
9 (RLIN) 15375
245 ## - TITLE STATEMENT
Title TH-SOF-1408-Deep CNN Based Multi-class Classification of Alzheimer's Disease using MRI
260 ## - PUBLICATION, DISTRIBUTION, ETC.
Place of publication, distribution, etc. Islamabad
Name of publisher, distributor, etc. NUST College of EME
Date of publication, distribution, etc. 2017
650 ## - SUBJECT ADDED ENTRY--TOPICAL TERM
Topical term or geographic name entry element MS-COMPUTER ENGINEERING-81 MSTHESIS
700 ## - ADDED ENTRY--PERSONAL NAME
Personal name Supervisor Dr. Saad Rehman
9 (RLIN) 69890
942 ## - ADDED ENTRY ELEMENTS (KOHA)
Koha item type Computer Files
Holdings
Withdrawn status Lost status Damaged status Not for loan Permanent Location Current Location Date acquired Total Checkouts Full call number Barcode Date last seen Price effective from Koha item type
        College of Electrical & Mechanical Engineering (CEME) College of Electrical & Mechanical Engineering (CEME) 11/25/2019   THE 200 TH-SOF-1408 06/28/2021 06/28/2021 Computer Files
© 2023 Central Library, National University of Sciences and Technology. All Rights Reserved.